| Tag |
First Indicator |
Second Indicator |
Subfields |
| LEADER |
00000cam a2200000Ii 4500 |
| 001 |
in00003540407 |
| 005 |
20150420104224.0 |
| 008 |
150416s2015 txuab bt s000 0 eng d |
| 035 |
|
|
|a (OCoLC)ocn907471616
|
| 040 |
|
|
|a IKM
|b eng
|e rda
|c IKM
|d TXA
|
| 043 |
|
|
|a n-us-tx
|
| 050 |
|
4 |
|a F392.W64
|b D39 2015
|
| 086 |
|
|
|a H2000.7 P422 NO.7078
|2 txdocs
|
| 049 |
|
|
|a TXAM
|
| 100 |
1 |
|
|a Dayton, Chris,
|e author,
|e principal investigator.
|
| 245 |
1 |
0 |
|a Intensive archeological survey for the proposed widening of County Road 10 (Rio Beef Road), Willacy County, Texas /
|c prepared by Chris Dayton, PhD, RPA (principal investigator).
|
| 246 |
1 |
7 |
|a CR 10/Rio Beef intensive archeological survey
|
| 264 |
|
1 |
|a Austin, TX :
|b Cox McLain Environmental Consulting, Inc.,
|c [2015]
|
| 300 |
|
|
|a ii, 12 leaves, 2 unnumbered leaves :
|b color illustrations, color map ;
|c 29 cm
|
| 336 |
|
|
|a text
|b txt
|2 rdacontent
|
| 337 |
|
|
|a unmediated
|b n
|2 rdamedia
|
| 338 |
|
|
|a volume
|b nc
|2 rdacarrier
|
| 500 |
|
|
|a Cover title.
|
| 500 |
|
|
|a "For Willacy County"
|
| 500 |
|
|
|a "January 26, 2015."
|
| 500 |
|
|
|a "Cox/McLain Environmental Consulting, Inc. archeological report 089 (CMEC-AR-089)."
|
| 500 |
|
|
|a "Under Texas antiquities permit 7078."
|
| 504 |
|
|
|a Includes bibliographical references (leaf 12).
|
| 650 |
|
0 |
|a Archaeological surveying
|z Texas
|z Willacy County.
|
| 650 |
|
0 |
|a Excavations (Archaeology)
|z Texas
|z Willacy County.
|
| 651 |
|
0 |
|a Willacy County (Tex.)
|x Antiquities.
|
| 710 |
2 |
|
|a Texas Historical Commission.
|
| 710 |
2 |
|
|a Cox, McLain Environmental Consulting.
|
| 948 |
|
|
|a cataloged
|b h
|c 2015/4/20
|d c
|e jmarner
|f 10:42:16 am
|
| 994 |
|
|
|a C0
|b TXA
|
| 999 |
f |
f |
|s ee7b00cf-45bd-329e-8566-8d8ffed0e918
|i 51feed65-7b84-39a4-9b35-f0fc60e7b17b
|t 0
|
| 952 |
f |
f |
|p normal
|a Texas A&M University
|b College Station
|c Sterling C. Evans Library
|d Evans: Library Stacks
|t 0
|e F392.W64 D39 2015
|h Library of Congress classification
|i unmediated -- volume
|m A14843094161
|
| 998 |
f |
f |
|a F392.W64 D39 2015
|t 0
|l Evans: Library Stacks
|